| Tag |
First Indicator |
Second Indicator |
Subfields |
| LEADER |
00000cam a2200000 4500 |
| 001 |
in00000043481 |
| 005 |
20151007072843.0 |
| 008 |
760413s1926 mdua b 00010 eng |
| 010 |
|
|
|a 26000437
|
| 035 |
|
|
|a (OCoLC)02109980
|
| 035 |
|
|
|9 AAE8683AM
|
| 040 |
|
|
|a DLC
|c CHS
|d CHS
|d TXA
|d UtOrBLW
|
| 049 |
|
|
|a TXAM
|c [29640]
|
| 050 |
0 |
0 |
|a RA445
|b .T63
|
| 082 |
0 |
|
|a 614.0973
|
| 092 |
|
|
|a 614.0973
|b T628p
|
| 100 |
1 |
|
|a Tobey, James A.
|q (James Alner),
|d 1894-
|
| 245 |
1 |
0 |
|a Public health law ;
|b a manual of law for sanitarians /
|c by James A. Tobey ... with a foreword by Charles V. Chapin ...
|
| 264 |
|
1 |
|a Baltimore :
|b The Williams & Wilkins company,
|c 1926.
|
| 300 |
|
|
|a xviii, 304 pages :
|b diagram ;
|c 24 cm.
|
| 336 |
|
|
|a text
|b txt
|2 rdacontent
|
| 337 |
|
|
|a unmediated
|b n
|2 rdamedia
|
| 338 |
|
|
|a volume
|b nc
|2 rdacarrier
|
| 504 |
|
|
|a "Selected bibliography": pages 268-276.
|
| 650 |
1 |
0 |
|a Public health
|z United States.
|
| 610 |
1 |
0 |
|a United States.
|t Laws, etc.
|
| 650 |
|
0 |
|a Public health.
|
| 999 |
|
|
|a MARS
|
| 999 |
f |
f |
|s 8d9083f8-e6d9-3c56-b525-348a0c7f2ad0
|i a482d625-2101-32ee-b8d7-c239fff8778e
|t 0
|
| 952 |
f |
f |
|p ric
|a Texas A&M University
|b Rellis Campus
|c Joint Library Facility
|d Remote Storage
|t 0
|e RA445 .T63
|h Library of Congress classification
|i unmediated -- volume
|m A14801029703
|
| 998 |
f |
f |
|a RA445 .T63
|t 0
|l Remote Storage
|